logo

Bir Sreshtho Munshi Abdur Rouf Library
Jhenaidah Cadet College

A Textbook of Plant Physiology and Biochemistry / (Record no. 8894)

MARC details
000 -LEADER
fixed length control field 00634nam a2200241 a 4500
001 - CONTROL NUMBER
JCCL Control Number 8894
003 - CONTROL NUMBER IDENTIFIER
JCCL marc code BD-JhCC
005 - DATE AND TIME OF LATEST TRANSACTION
control field 20180305133919.0
008 - FIXED-LENGTH DATA ELEMENTS--GENERAL INFORMATION
fixed length control field 171217s1995 ii a|||| ||aa 000 0 eng d
020 ## - INTERNATIONAL STANDARD BOOK NUMBER
International Standard Book Number 812190627X
035 ## - SYSTEM CONTROL NUMBER
system control number (BD-JhCC)8894
040 ## - CATALOGING SOURCE
Original cataloging agency BD-JhCC
Modifying agency BD-JhCC
041 ## - LANGUAGE CODE
Language code of Book eng
082 ## - DEWEY DECIMAL CLASSIFICATION NUMBER
Classification number 581.1
Author mark and Year VER 1995
100 ## - MAIN ENTRY--PERSONAL NAME
Personal name Verma, S.K.
245 ## - TITLE STATEMENT
Title A Textbook of Plant Physiology and Biochemistry /
Statement of responsibility, etc S.K. Verma
260 ## - PUBLICATION, DISTRIBUTION, ETC. (IMPRINT)
Place of publication, distribution, etc Delhi :
Name of publisher, distributor, etc S, Chand & Company Ltd,
Date of publication, distribution, etc 1995.
300 ## - PHYSICAL DESCRIPTION
Pagination Verius p. :
Dimensions 24 cm.
650 ## - SUBJECT ADDED ENTRY--TOPICAL TERM
Topical term or geographic name as entry element Plant Psysiology
650 ## - SUBJECT ADDED ENTRY--TOPICAL TERM
Topical term or geographic name as entry element Biochemistry
942 ## - ADDED ENTRY ELEMENTS (KOHA)
Source of classification or shelving scheme Dewey Decimal Classification
Koha item type Books
Holdings
Source of classification or shelving scheme Damaged status Not for loan Home library Current library Shelving location Date of accession Total Checkouts Full call number Barcode Date last seen Date checked out Copy number Koha item type
Dewey Decimal Classification     JCC Rouf Library JCC Rouf Library General Stacks 03/05/2018 1 581.1 VER 1995 11515 08/21/2023 08/20/2023 C-1 Books

JCC Library | Contacts | JCC Home

Last Update on 23 September 2017
Copyright @ 2017-2020 JCC Rouf Library
Rouf Library, Jhenidah Cadet College (JCC), Bangladesh